<?xml version="1.0" encoding="UTF-8"?>
<record
    xmlns:xsi="http://www.w3.org/2001/XMLSchema-instance"
    xsi:schemaLocation="http://www.loc.gov/MARC21/slim http://www.loc.gov/standards/marcxml/schema/MARC21slim.xsd"
    xmlns="http://www.loc.gov/MARC21/slim">

  <leader>00545nam a22001817a 4500</leader>
  <datafield tag="999" ind1=" " ind2=" ">
    <subfield code="c">524745</subfield>
    <subfield code="d">524745</subfield>
  </datafield>
  <controlfield tag="003">NUST</controlfield>
  <datafield tag="038" ind1=" " ind2=" ">
    <subfield code="a">Faiza</subfield>
  </datafield>
  <datafield tag="082" ind1=" " ind2=" ">
    <subfield code="a">320.082</subfield>
    <subfield code="b">LAT</subfield>
  </datafield>
  <datafield tag="100" ind1=" " ind2=" ">
    <subfield code="a">Lateef, Muhammad</subfield>
    <subfield code="9">15539</subfield>
  </datafield>
  <datafield tag="245" ind1=" " ind2=" ">
    <subfield code="a">Sanf nazuk ki Hakmiat /</subfield>
    <subfield code="c">Muhammad Lateef</subfield>
  </datafield>
  <datafield tag="260" ind1=" " ind2=" ">
    <subfield code="a">Rawalpindi :</subfield>
    <subfield code="b">Umer Farooq Lateef,</subfield>
    <subfield code="c">1998.</subfield>
  </datafield>
  <datafield tag="300" ind1=" " ind2=" ">
    <subfield code="a">162 p. ;</subfield>
  </datafield>
  <datafield tag="500" ind1=" " ind2=" ">
    <subfield code="a">Reference.</subfield>
  </datafield>
  <datafield tag="880" ind1=" " ind2=" ">
    <subfield code="6">100-01\r</subfield>
    <subfield code="a">&#x645;&#x62D;&#x645;&#x62F; &#x644;&#x637;&#x6CC;&#x641;</subfield>
  </datafield>
  <datafield tag="880" ind1=" " ind2=" ">
    <subfield code="6">245-02\r</subfield>
    <subfield code="a">&#x635;&#x646;&#x641; &#x646;&#x627;&#x632;&#x6A9; &#x6A9;&#x6CC; &#x62D;&#x627;&#x6A9;&#x645;&#x6CC;&#x62A; /</subfield>
  </datafield>
  <datafield tag="880" ind1=" " ind2=" ">
    <subfield code="6">260-03\r</subfield>
    <subfield code="a">&#x631;&#x627;&#x648;&#x644;&#x67E;&#x646;&#x688;&#x6CC; :</subfield>
    <subfield code="b">&#x639;&#x645;&#x631;&#x641;&#x627;&#x631;&#x648;&#x642; &#x644;&#x637;&#x6CC;&#x641;,</subfield>
    <subfield code="c">&#x6F1;&#x6F9;&#x6F9;&#x6F8;.</subfield>
  </datafield>
  <datafield tag="942" ind1=" " ind2=" ">
    <subfield code="2">ddc</subfield>
    <subfield code="c">BK</subfield>
  </datafield>
  <datafield tag="952" ind1=" " ind2=" ">
    <subfield code="0">0</subfield>
    <subfield code="1">0</subfield>
    <subfield code="2">ddc</subfield>
    <subfield code="4">0</subfield>
    <subfield code="7">0</subfield>
    <subfield code="a">CL</subfield>
    <subfield code="b">CL</subfield>
    <subfield code="d">2019-06-25</subfield>
    <subfield code="l">0</subfield>
    <subfield code="o">320.082 LAT</subfield>
    <subfield code="p">CL-E-1161</subfield>
    <subfield code="r">2019-06-25</subfield>
    <subfield code="w">2019-06-25</subfield>
    <subfield code="y">BK</subfield>
  </datafield>
</record>
